Πανηγυρικοί λόγοι ακαδημαϊκών : για την 25η Μαρτίου 1821 και την 28η Οκτωβρίου 1940
Αποθηκεύτηκε σε:
| Συγγραφή απο Οργανισμό/Αρχή: | |
|---|---|
| Άλλοι συγγραφείς: | |
| Μορφή: | Βιβλίο |
| Γλώσσα: | Greek |
| Δημοσίευση: |
Αθήνα :
Ίδρυμα Κώστα και Ελένης Ουράνη,
1977.
|
| Θέματα: | |
| Ετικέτες: |
Προσθήκη ετικέτας
Δεν υπάρχουν, Καταχωρήστε ετικέτα πρώτοι!
|
MARC
| LEADER | 00000cam a2200000 i 4500 | ||
|---|---|---|---|
| 001 | 1/53290 | ||
| 008 | 941103s1977 gr | ||| |||| ||gre|| | ||
| 035 | |a 1994 |c ΔΩΡΕΑ |l 10044668 | ||
| 040 | |a GR-MyUA |b gre |e AACR2 | ||
| 041 | 0 | |a gre | |
| 082 | 0 | |a 938.008 | |
| 245 | 1 | 0 | |a Πανηγυρικοί λόγοι ακαδημαϊκών : |b για την 25η Μαρτίου 1821 και την 28η Οκτωβρίου 1940 / |c επιμέλεια Πέτρου Χάρη. |
| 246 | 3 | 3 | |i Άλλες παραλλαγές του τίτλου: |a Το εικοσιένα |
| 260 | |a Αθήνα : |b Ίδρυμα Κώστα και Ελένης Ουράνη, |c 1977. | ||
| 300 | |a 1024 σ. ; |c 21 εκ. | ||
| 650 | 0 | 0 | |a Speeches, addresses, etc. |
| 651 | 0 | |a Greece |x History |y 1917-1944. | |
| 651 | 0 | |a Greece |x History |y 1821- | |
| 700 | 1 | |a Χάρης, Πέτρος, |d 1902-1998, |e edt | |
| 710 | 2 | |a Ακαδημία Αθηνών. | |
| 852 | |a INST |b SAMOS |e 19941103 |h 938.008 ΠΑΝ |p 005300000186 |q 005300000186 |t BK |y 0 | ||
| 909 | |a Σ |b 027851 | ||